Normale Ansicht MARC-Ansicht ISBD

The role of the trypanosomiases in African ecology (Titelsatznr. 65222)

[ MARC ]
MARC-Details
000 -Satzkennung
Kontrollfeld mit fester Länge 01260nad a2200361 a 4500
001 - Kontrollnummer
Kontrollfeld MIU01000000000000004916777
003 - Kontrollnummer Identifier
Kontrollfeld MiU
005 - Datum und Zeit der letzten Transaktion
Kontrollfeld 20231010141057.0
007 - Feld mit fester Länge zur physischen Beschreibung - Allgemeine Information
Kontrollfeld mit fester Länge cr mnummmmuuuu
008 - Feld mit fester Länge zur physischen Beschreibung - Allgemeine Angaben
Kontrollfeld mit fester Länge 891207s1971 enkab sb 001 0 eng d
010 ## - Kontrollnummer der Library of Congress
Gelöschte/ungültige LC-Kontrollnummer 76023168
020 ## - Internationale Standardbuchnummer
Gelöschte/ungültige ISBN 0198543751
024 7# - Anderer Standardidentifier
Standardnummer oder Code 2027/heb02594
Quelle der Nummer oder des Codes hdl
040 ## - Katalogisierungsquelle
Original-Katalogisierungsstelle MiU
Übertragungsstelle MiU
090 ## - LOCALLY ASSIGNED LC-TYPE CALL NUMBER (OCLC); LOCAL CALL NUMBER (RLIN)
Notation (OCLC) (R) ; Notation, CALL (RLIN) (NR) RC186.T82
Local cutter number (OCLC) ; Book number/undivided call number, CALL (RLIN) (INTERNET)
041 ## - Sprachcode
Sprachcode des Textes/der Tonspur oder des separaten Titels eng
100 1# - Haupteintragung - Personenname
Personenname Ford, John,
Datumsangaben in Verbindung mit einem Namen 1910-
Koha-Normdatenidentnummer 36546
245 14 - Titel
Titel The role of the trypanosomiases in African ecology
Medium [electronic resource] :
Zusatz zum Titel a study of the tsetse fly problem /
Verfasserangabe etc. by John Ford.
264 ## - Produktion, Veröffentlichung, Distribution, Herstellung und Urheberrechtsvermerk
Herstellungs-, Veröffentlichungs- Vertriebs-, Erzeugungsort Oxford [England] :
Produzent, Herausgeber, Distributor, Hersteller Clarendon Press,
Datum der Herstellung, der Veröffentlichung, des Vertriebs oder des Urheberschutzvermerks 1971.
300 ## - Physische Beschreibung
Umfang xiv, 568 p. :
Andere physische Details ill., maps ;
Maße 24 cm.
336 ## - Inhaltstyp
Quelle rdacontent
Inhaltstypcode txt
Inhaltstypterm Text
337 ## - Medientyp
Quelle rdamedia
Medientypcode bc
Bezeichnung des Medientyps Computermedien
338 ## - Datenträgertyp
Quelle rdacarrier
Datenträgertypcode cr
Datenträgertypbezeichnung Online Ressource
504 ## - Fußnote zu Literaturverzeichnissen usw.
Fußnote zu Bibliographien usw. Includes bibliography (p. [497]-530) and index.
500 ## - Allgemeine Fußnote
Allgemeine Fußnote E-Book-ACLS / Zugriff nur im DHI-Lesesaal
500 ## - Allgemeine Fußnote
Allgemeine Fußnote American Council of Learned Societies/ https://www.humanitiesebook.org/about/
650 #0 - Nebeneintragung unter einem Schlagwort - Sachschlagwort
Geografische Unterteilung Africa.
Koha-Normdatenidentnummer 36547
653 ## - Indexierungsterm - Nicht normiert
Nicht-normierter Term Trypanosomiasis
653 ## - Indexierungsterm - Nicht normiert
Nicht-normierter Term Tsetse-flies.
830 #0 - Nebeneintragung unter dem Gesamttitel - Einheitstitel
Einheitstitel ACLS Humanities E-Book.
Koha-Normdatenidentnummer 36548
856 40 - Elektronische Adresse und Zugriff
OPAC-Notiz Volltext
URL <a href="https://hdl.handle.net/2027/heb02594">https://hdl.handle.net/2027/heb02594</a>
942 ## - Zusätzliche Felder (Koha)
Koha-Medientyp E-Books
Exemplare
Ausgeschieden Verloren Beschädigt Nicht entleihbar Heimatbibliothek Aufenthaltsbibliothek Aufstellungsort Erwerbungsdatum Inventarnummer Signatur Barcode Letzte Aktivität Preis gültig von Koha-Medientyp
        MWN Osteuropa MWN Osteuropa Online-Ressource 10/10/2023 23-e0ACLS E-23-e0ACLS 68057 10/10/2023 10/10/2023 E-Books